000 00627nam a2200205Ii 4500
001 5004
003 CO-ViMGA
008 241108s9999||||xx |||||||||||||| ||und||
040 _aCO-ViMGA
_bspa
_erda
_cCO-ViMGA
041 0 _aunk
082 0 4 _a693.8 C352a
100 1 _aHeberto Castillo
_954939
245 1 0 _aAnalisis y diseño estructural
264 1 _a[Lugar de publicación no identificado] : Centro Regional de Ayuda técnica, 1973
300 _avolumen
336 _atext
_btxt
_2rdacontent
337 _aunmediated
_bn
_2rdamedia
338 _avolume
_bnc
_2rdacarrier
940 _aidficha_siabuc: 4875. -- ficha_no_siabuc:5004
999 _c52253
_d52253